Смыслы и скрытые подтексты визуальных исторических источников Монография
Рассмотрены варианты анализа визуальных источников (лубки историческая живопись фотографии) для познания истории России. Проанализирован опыт российских и зарубежных музеев по организации историко-художественных выставок в конце XX - начале XXI в. Предназначена для студентов аспирантов преподавателе...
Պահպանված է:
| Հիմնական հեղինակ: | |
|---|---|
| Ձևաչափ: | Монография |
| Առցանց հասանելիություն: | https://znanium.com/catalog/document?id=380311 https://znanium.com/cover/1818/1818928.jpg |
| Ցուցիչներ: |
Ավելացրեք ցուցիչ
Չկան պիտակներ, Եղեք առաջինը, ով նշում է այս գրառումը!
|
| LEADER | 02203nam0a2200301 i 4500 | ||
|---|---|---|---|
| 001 | RU\infra-m\znanium\bibl\1818928 | ||
| 003 | https://znanium.com/catalog/document?id=380311 | ||
| 005 | 20210720000000.0 | ||
| 010 | |a 978-5-7638-4030-8 | ||
| 100 | |a 20210720d2021 m y0rusy0150 ca | ||
| 101 | 0 | |a rus | |
| 102 | |a RU | ||
| 200 | 1 | |a Смыслы и скрытые подтексты визуальных исторических источников |e Монография |f Сибирский федеральный университет | |
| 210 | 1 | |a Красноярск |c Сибирский федеральный университет |d 2019 | |
| 215 | |a 168 с. | ||
| 330 | |a Рассмотрены варианты анализа визуальных источников (лубки историческая живопись фотографии) для познания истории России. Проанализирован опыт российских и зарубежных музеев по организации историко-художественных выставок в конце XX - начале XXI в. Предназначена для студентов аспирантов преподавателей и исследователей занимающихся изучением истории и культуры России. | ||
| 333 | |a ВО - Магистратура | ||
| 606 | |a Культура. СМИ |x Теория и история культурологии |2 local | ||
| 608 | |a Монография |2 local | ||
| 675 | |a 93 |z rus | ||
| 686 | |a 63 |2 rubbk | ||
| 686 | |a 46.04.01 |2 okso | ||
| 686 | |a 50.04.04 |2 okso | ||
| 686 | |a 51.04.01 |2 okso | ||
| 700 | 1 | |a Белгородская |b Л.В. |g Людмила Вениаминовна |p Сибирский федеральный университет | |
| 801 | 0 | |a RU |b Общество с ограниченной ответственностью «ЗНАНИУМ» |c 20210720 |2 rusmarc | |
| 856 | 4 | |a znanium.com |m ebs_support@infra-m.ru |n НИЦ ИНФРА-М |u https://znanium.com/catalog/document?id=380311 | |
| 856 | 4 | 1 | |a znanium.com |d /cover/1818 |f 1818928.jpg |q image/jpeg |u https://znanium.com/cover/1818/1818928.jpg |